|
|
|
|
| LEADER |
01882nam a2200349 a 4500 |
| 001 |
580456 |
| 008 |
111115s1991 cau b 001 0 eng |
| 010 |
|
|
|a 90021958
|
| 020 |
|
|
|a 0803940823
|
| 020 |
|
|
|a 0803940831 (pbk.)
|
| 040 |
|
|
|a DLC
|c DLC
|d DLC
|d OCoLC
|d DLC
|d BD-DhAAL
|
| 043 |
|
|
|a n-us---
|
| 050 |
0 |
0 |
|a H61.92.U6
|b S53 1991
|
| 082 |
0 |
0 |
|a 300/.72073
|2 20
|
| 245 |
0 |
0 |
|a Sharing social science data :
|b advantages and challenges /
|c Joan E. Sieber, editor.
|
| 260 |
|
|
|a Newbury Park, Calif. :
|b Sage Publications,
|c c1991.
|
| 300 |
|
|
|a viii, 168 p. ;
|c 23 cm.
|
| 490 |
0 |
|
|a Sage focus editions ;
|v 128
|
| 504 |
|
|
|a Includes bibliographical references and indexes.
|
| 541 |
|
|
|e 00007207
|
| 650 |
|
0 |
|a Communication in the social sciences
|z United States.
|
| 650 |
|
0 |
|a Social sciences
|x Research
|z United States.
|
| 650 |
|
0 |
|a Information networks
|z United States.
|
| 700 |
1 |
|
|a Sieber, Joan E.
|
| 852 |
1 |
|
|a Ayesha Abed Library
|c General shelf.
|
| 999 |
|
|
|c 11404
|d 11404
|
| 952 |
|
|
|0 0
|1 0
|2 ddc
|4 0
|6 300_720730000000000_SHA
|7 0
|9 18542
|a BRACUL
|b BRACUL
|c GEN
|d 2011-11-15
|l 0
|o 300.72073 SHA
|p 3010007207
|r 2011-11-15
|t 1
|w 2011-11-15
|y BK
|
| 952 |
|
|
|0 0
|1 0
|2 ddc
|4 0
|6 300_720730000000000_SHA
|7 0
|9 24125
|a SCL
|b SCL
|c GEN
|d 1999-01-26
|l 0
|o 300.72073 SHA
|p 3020001455
|r 2014-04-10
|t 2
|w 1999-01-26
|y BK
|
| 952 |
|
|
|0 0
|1 0
|2 ddc
|4 0
|6 300_720730000000000_SHA
|7 0
|9 24128
|a SCL
|b SCL
|c GEN
|d 1998-11-10
|l 0
|o 300.72073 SHA
|p 3020000401
|r 2014-04-10
|t 3
|w 2014-04-10
|y BK
|
| 952 |
|
|
|0 0
|1 0
|2 ddc
|4 0
|6 300_720730000000000_SHA
|7 0
|9 24161
|a SCL
|b SCL
|c GEN
|d 1998-11-08
|l 0
|o 300.72073 SHA
|p 3020000311
|r 2014-04-21
|t 4
|w 2014-04-21
|y BK
|
| 952 |
|
|
|0 0
|1 0
|2 ddc
|4 0
|6 300_720730000000000_SHA
|7 0
|9 24162
|a SCL
|b SCL
|c GEN
|d 1998-11-02
|l 0
|o 300.72073 SHA
|p 3020000116
|r 2014-04-21
|t 5
|w 2014-04-21
|y BK
|
| 952 |
|
|
|0 0
|1 0
|2 ddc
|4 0
|6 300_720730000000000_SHA
|7 0
|9 24164
|a SCL
|b SCL
|c GEN
|d 1999-01-26
|l 0
|o 300.72073 SHA
|p 3020001429
|r 2014-04-21
|t 6
|w 2014-04-21
|y BK
|